000 00415nam a22001697a 4500
999 _c10355
_d10355
003 OSt
008 210112b ||||| |||| 00| 0 eng d
020 _a9788123719498
082 _a005.43
100 _aBHATTACHARYA, Tapan
245 _aIiiusive World of Virtual Reality
250 _a1st Ed.
260 _aNew Delhi
_bNational Book Trust India
_c2013
300 _a158
650 _aGENERAL
942 _2ddc
_cREF